[Event "SVK-ch U12"]
[White "Orgon, Jakub"]
[Black "Elias, David"]
[Site "Lubovna"]
[Round "7"]
[Result "0-1"]
[Date "2020.08.20"]
[WhiteElo "1643"]
[BlackElo "1781"]
[PlyCount "80"]
[EventDate "2020.08.15"]
[EventType "swiss"]
[EventRounds "9"]
[EventCountry "SVK"]
[SourceTitle "EXT 2021"]
[Source "ChessBase"]
[SourceDate "2020.10.23"]
[SourceVersion "1"]
[SourceVersionDate "2020.10.23"]
[SourceQuality "1"]

1. d4 Nf6 2. Nf3 e6 3. Bf4 d5 4. e3 Bd6 5. Ne5 0-0 6. Nd2 c5 7. c3 b6 8. Bd3 Ba6 9. Ndf3 Bxd3 10. Qxd3 Ne4 11. Nd2 Nxd2 12. Qxd2 f6 13. Nd3 Nc6 14. Bxd6 Qxd6 15. 0-0 e5 16. dxe5 fxe5 17. f4 Rad8 18. fxe5 Nxe5 19. Rxf8+ Rxf8 20. Nxe5 Qxe5 21. Rd1 Rf5 22. Rf1 Rh5 23. g3 Qe7 24. Qf2 Re5 25. Qf3 h6 26. Rd1 Qe6 27. Rd3 c4 28. Rd4 Rxe3 29. Qxd5 Re1+ 30. Kf2 Re2+ 31. Kg1 Qxd5 32. Rxd5 Rxb2 33. Rd4 b5 34. a4 bxa4 35. Rxc4 a3 36. Ra4 a2 37. Rxa7 Rb1+ 38. Kf2 a1Q 39. Rxa1 Rxa1 40. Ke3 Kf7 0-1

[Event "SVK-ch U12"]
[White "Orgon, Jakub"]
[Black "Smetana, Peter"]
[Site "Lubovna"]
[Round "6"]
[Result "1-0"]
[Date "2020.08.19"]
[WhiteElo "1643"]
[BlackElo "1614"]
[PlyCount "153"]
[EventDate "2020.08.15"]
[EventType "swiss"]
[EventRounds "9"]
[EventCountry "SVK"]
[SourceTitle "EXT 2021"]
[Source "ChessBase"]
[SourceDate "2020.10.23"]
[SourceVersion "1"]
[SourceVersionDate "2020.10.23"]
[SourceQuality "1"]

1. b3 e5 2. Bb2 Nc6 3. e3 d5 4. Bb5 Bd6 5. Nf3 Qe7 6. c4 dxc4 7. bxc4 Bd7 8. Bxc6 Bxc6 9. c5 Bxc5 10. Nxe5 Nf6 11. Nxc6 bxc6 12. Qf3 Qd6 13. Bxf6 gxf6 14. Nc3 Qe6 15. Qe4 f5 16. Qxe6+ fxe6 17. Rb1 Kd7 18. Ke2 Rhg8 19. g3 h5 20. h3 Kd6 21. Na4 Bb6 22. Rb3 Rad8 23. Rd3+ Ke7 24. Rc3 Rd6 25. Rhc1 Kd7 26. Nb2 Rc8 27. Nd3 c5 28. Nxc5+ Bxc5 29. Rxc5 c6 30. Ra5 Rc7 31. Rc4 Ke7 32. Rca4 Rcd7 33. d4 Rb7 34. Rxa7 Rdd7 35. Rxb7 Rxb7 36. Kf3 Kf6 37. Rc4 Rb6 38. Kf4 Ra6 39. a4 Ra5 40. Rxc6 Rxa4 41. g4 fxg4 42. hxg4 hxg4 43. Kxg4 Ra5 44. Rc5 Ra4 45. Kf4 Rb4 46. Ke4 Rb2 47. f4 Rb3 48. f5 exf5+ 49. Rxf5+ Ke6 50. Ra5 Rb6 51. Rh5 Rb4 52. Rh6+ Kf7 53. Ke5 Kg7 54. Rc6 Rb3 55. e4 Kf7 56. d5 Rh3 57. Rf6+ Ke7 58. d6+ Kd7 59. Rf7+ Kc6 60. Rc7+ Kb6 61. Rc2 Rh5+ 62. Ke6 Rh6+ 63. Kd5 Rh5+ 64. e5 Rh7 65. Rc7 Rxc7 66. dxc7 Kxc7 67. Ke6 Kd8 68. Kf7 Kd7 69. e6+ Kd8 70. e7+ Kd7 71. e8Q+ Kd6 72. Qb5 Kc7 73. Qc5+ Kd7 74. Qd5+ Kc7 75. Qe6 Kb7 76. Qd6 Kc8 77. Qe7 1-0

[Event "SVK-chT3B2 1920"]
[White "Orgon, Jakub"]
[Black "Poruban, Lubomir"]
[Site "Slovakia"]
[Round "5.6"]
[Result "1-0"]
[Date "2019.12.08"]
[WhiteElo "1575"]
[BlackElo "1650"]
[PlyCount "65"]
[EventDate "2019.10.06"]
[EventType "team-tourn"]
[EventRounds "11"]
[EventCountry "SVK"]
[SourceTitle "CBM 194 Extra"]
[Source "ChessBase"]
[SourceDate "2020.03.31"]
[SourceVersion "1"]
[SourceVersionDate "2020.03.31"]
[SourceQuality "1"]
[WhiteTeam "Dubnica nad Vahom III"]
[BlackTeam "Nemsova Horne Srnie"]
[WhiteTeamCountry "SVK"]
[BlackTeamCountry "SVK"]

1. e4 Nf6 2. Nc3 e5 3. f4 d6 4. Nf3 Nc6 5. Bc4 Bg4 6. 0-0 Be7 7. d3 h6 8. Be3 0-0 9. a3 a6 10. Nd5 Qd7 11. Nxf6+ Bxf6 12. c3 Qe7 13. f5 Kh8 14. Qd2 Kh7 15. Ne1 Bh4 16. h3 Bg3 17. hxg4 Qh4 18. Nf3 Qxg4 19. Qe2 f6 20. Ng5+ Qxg5 21. Bxg5 fxg5 22. Qg4 Bf4 23. Rf3 Ne7 24. g3 Ng8 25. Bxg8+ Kxg8 26. gxf4 exf4 27. Re1 Rae8 28. d4 c6 29. Qh5 Re7 30. Rf2 Rff7 31. Rfe2 Rf8 32. e5 d5 33. Qg6 1-0

[Event "SVK-ch U12"]
[White "Orgon, Jakub"]
[Black "Musaev, Matej Elbek"]
[Site "Liptovsky Mikulas"]
[Round "5"]
[Result "1/2-1/2"]
[Date "2019.04.26"]
[WhiteElo "1360"]
[BlackElo "1777"]
[PlyCount "121"]
[EventDate "2019.04.23"]
[EventType "swiss"]
[EventRounds "9"]
[EventCountry "SVK"]
[SourceTitle "CBM 190 Extra"]
[Source "ChessBase"]
[SourceDate "2019.07.15"]
[SourceVersion "1"]
[SourceVersionDate "2019.07.15"]
[SourceQuality "1"]

1. f4 d5 2. Nf3 Nf6 3. e3 e6 4. b3 Be7 5. Bb2 0-0 6. Be2 c5 7. 0-0 b6 8. d3 Bb7 9. Nbd2 Nbd7 10. Qe1 Qc7 11. Ne5 Rfd8 12. Ndf3 h6 13. Nxd7 Nxd7 14. Ne5 Bf6 15. Qg3 Nxe5 16. Bxe5 Bxe5 17. fxe5 Bc6 18. Rf2 Be8 19. Raf1 Rd7 20. Qf4 Rc8 21. Rf3 d4 22. e4 Kh7 23. Rh3 Rdd8 24. Rff3 Qe7 25. Rfg3 Qf8 26. Bg4 Bc6 27. Qg5 Re8 28. Be2 Ra8 29. Qg4 a5 30. Rh5 Qh8 31. Rf3 Ra7 32. Qg3 Ree7 33. Rf1 a4 34. Rb1 axb3 35. axb3 Ra2 36. Bd1 Rea7 37. Qf4 Ra1 38. Rxa1 Rxa1 39. Qd2 Qa8 40. Rh3 Qa5 41. Qe2 Qc3 42. Rf3 Kg8 43. Rf2 Qb2 44. Qf3 Be8 45. Qe2 Qc3 46. Rf1 b5 47. Qe1 Qb2 48. Qd2 Ra8 49. Bg4 Ra2 50. Rf2 Qb1+ 51. Bd1 f6 52. Rf1 Bh5 53. Bxh5 Qxc2 54. Qxc2 Rxc2 55. exf6 gxf6 56. Rxf6 Rc3 57. Rxe6 Rxd3 58. Re5 c4 59. bxc4 bxc4 60. Rc5 c3 61. Kf1 1/2-1/2

[Event "SVK-ch U12"]
[White "Orgon, Jakub"]
[Black "Elias, David"]
[Site "Liptovsky Mikulas"]
[Round "2"]
[Result "1/2-1/2"]
[Date "2019.04.24"]
[WhiteElo "1360"]
[BlackElo "1676"]
[PlyCount "74"]
[EventDate "2019.04.23"]
[EventType "swiss"]
[EventRounds "9"]
[EventCountry "SVK"]
[SourceTitle "CBM 190 Extra"]
[Source "ChessBase"]
[SourceDate "2019.07.15"]
[SourceVersion "1"]
[SourceVersionDate "2019.07.15"]
[SourceQuality "1"]

1. f4 Nf6 2. Nf3 g6 3. e3 Bg7 4. d4 0-0 5. Bd3 d6 6. 0-0 c5 7. c3 Nc6 8. Nbd2 e6 9. Qe1 Nd7 10. Bb5 cxd4 11. exd4 a6 12. Be2 Qe7 13. a4 b6 14. Nc4 Bb7 15. Bd2 b5 16. axb5 axb5 17. Ne3 b4 18. Qf2 bxc3 19. Bxc3 Rfe8 20. Rfe1 Nb6 21. Bb5 Qc7 22. Bxc6 Bxc6 23. Qg3 Qb7 24. h4 Rxa1 25. Rxa1 Bxf3 26. Qxf3 Qxf3 27. gxf3 e5 28. fxe5 dxe5 29. dxe5 Bxe5 30. Bxe5 Rxe5 31. Kf2 Kf8 32. Rc1 Ke8 33. Nc4 Nxc4 34. Rxc4 Kd7 35. b4 Kd6 36. Kg3 h5 37. Rf4 Re7 1/2-1/2

[Event "SVK-chT3B2 1819"]
[White "Malinovsky, Jozef"]
[Black "Orgon, Jakub"]
[Site "Slovakia"]
[Round "10.7"]
[Result "0-1"]
[Date "2019.03.24"]
[WhiteElo "1754"]
[BlackElo "1304"]
[PlyCount "82"]
[EventDate "2018.10.21"]
[EventType "team-tourn"]
[EventRounds "11"]
[EventCountry "SVK"]
[SourceTitle "CBM 189 Extra"]
[Source "ChessBase"]
[SourceDate "2019.05.31"]
[SourceVersion "1"]
[SourceVersionDate "2019.05.31"]
[SourceQuality "1"]
[WhiteTeam "Povazska Bystrica Sparta"]
[BlackTeam "Dubnica nad Vahom IV"]
[WhiteTeamCountry "SVK"]
[BlackTeamCountry "SVK"]

1. Nf3 c5 2. c4 d6 3. Nc3 g6 4. g3 Bg7 5. Bg2 Nc6 6. 0-0 Nf6 7. d4 cxd4 8. Nxd4 Nxd4 9. Qxd4 0-0 10. Qd3 Rb8 11. a4 b6 12. e4 Ng4 13. b3 Ne5 14. Qc2 Bb7 15. Bf4 Nc6 16. Be3 Nb4 17. Qd2 Qd7 18. Rad1 Ba8 19. Rfe1 Rfd8 20. f4 e5 21. Nb5 Na6 22. Nxd6 Nc5 23. Qc2 Qe7 24. Nb5 Rxd1 25. Rxd1 exf4 26. Bxf4 Rd8 27. Rxd8+ Qxd8 28. Nc3 Qd4+ 29. Kh1 Qxc3 30. Qxc3 Bxc3 31. Bb8 Nxb3 32. Bxa7 Bd4 33. Bb8 Bc6 34. e5 Bxg2+ 35. Kxg2 Nc5 36. Bd6 Nxa4 37. Kf3 Bc5 38. Ke4 f6 39. Kd5 fxe5 40. Bxe5 Kf7 41. g4 Bf2 0-1

[Event "SVK-chT3B2 1819"]
[White "Chnapek, Pavel"]
[Black "Orgon, Jakub"]
[Site "Slovakia"]
[Round "9.8"]
[Result "1/2-1/2"]
[Date "2019.03.10"]
[WhiteElo "1000"]
[BlackElo "1304"]
[PlyCount "36"]
[EventDate "2018.10.21"]
[EventType "team-tourn"]
[EventRounds "11"]
[EventCountry "SVK"]
[SourceTitle "CBM 189 Extra"]
[Source "ChessBase"]
[SourceDate "2019.05.31"]
[SourceVersion "1"]
[SourceVersionDate "2019.05.31"]
[SourceQuality "1"]
[WhiteTeam "Nemsova Horne Srnie"]
[BlackTeam "Dubnica nad Vahom IV"]
[WhiteTeamCountry "SVK"]
[BlackTeamCountry "SVK"]

1. d4 d6 2. c4 Nf6 3. Nc3 g6 4. Nf3 Bg7 5. Bf4 0-0 6. e3 b6 7. Bd3 Bb7 8. 0-0 d5 9. cxd5 Nxd5 10. Nxd5 Bxd5 11. e4 Bb7 12. Be3 Nc6 13. Be2 Qd7 14. Qd2 Rad8 15. Rfd1 a5 16. Rac1 Rfe8 17. Bb5 Qd6 18. a3 Rf8 1/2-1/2

[Event "SVK-chT3B2 1819"]
[White "Orgon, Jakub"]
[Black "Kallo, Juraj"]
[Site "Slovakia"]
[Round "5.7"]
[Result "1-0"]
[Date "2019.01.13"]
[WhiteElo "1304"]
[BlackElo "1500"]
[PlyCount "63"]
[EventDate "2018.10.21"]
[EventType "team-tourn"]
[EventRounds "11"]
[EventCountry "SVK"]
[SourceTitle "CBM 189 Extra"]
[Source "ChessBase"]
[SourceDate "2019.05.31"]
[SourceVersion "1"]
[SourceVersionDate "2019.05.31"]
[SourceQuality "1"]
[WhiteTeam "Dubnica nad Vahom IV"]
[BlackTeam "Povazske Podhradie "]
[WhiteTeamCountry "SVK"]
[BlackTeamCountry "SVK"]

1. e4 d6 2. d4 Nf6 3. Nc3 g6 4. Be3 Bg7 5. Bc4 0-0 6. Nf3 Nxe4 7. Bxf7+ Rxf7 8. Nxe4 d5 9. Nc3 Nc6 10. h3 Bf5 11. a3 Be4 12. Nxe4 dxe4 13. Ng5 Rf6 14. Nxe4 Rf8 15. c3 Qd5 16. Qc2 h6 17. 0-0 e5 18. dxe5 Bxe5 19. Nc5 Ne7 20. Nd3 Kg7 21. Nxe5 Nf5 22. Nf3 b6 23. Bd4+ Nxd4 24. Nxd4 c5 25. Ne2 Qg5 26. Ng3 Rf4 27. Qc1 Raf8 28. Ne2 Rg4 29. hxg4 Qxg4 30. Qe3 Rf3 31. Qxf3 Qxg2+ 32. Qxg2 1-0

[Event "SVK-ch U10"]
[White "Orgon, Jakub"]
[Black "Cizmar, Tomas"]
[Site "Liptovsky Mikulas"]
[Round "3"]
[Result "0-1"]
[Date "2018.04.22"]
[WhiteElo "1218"]
[BlackElo "1447"]
[PlyCount "76"]
[EventDate "2018.04.21"]
[EventType "swiss"]
[EventRounds "9"]
[EventCountry "SVK"]
[SourceTitle "CBM 184 Extra"]
[Source "ChessBase"]
[SourceDate "2018.06.28"]
[SourceVersion "1"]
[SourceVersionDate "2018.06.28"]
[SourceQuality "1"]

1. e4 e5 2. f4 d6 3. Nf3 Nc6 4. Bc4 Be6 5. Bxe6 fxe6 6. 0-0 exf4 7. d4 e5 8. dxe5 dxe5 9. Qe2 Bd6 10. Nc3 h6 11. Rd1 Qe7 12. Nd5 Qf7 13. Qe1 0-0-0 14. Qh4 Nf6 15. Nxf6 Bc5+ 16. Be3 Bxe3+ 17. Kf1 Qxf6 18. Qh3+ Kb8 19. Qh4 Qxh4 20. Nxh4 Ne7 21. Nf3 g5 22. Nxe5 Rd4 23. Rxd4 Bxd4 24. Nf7 Rf8 25. Nxh6 Bxb2 26. Rb1 Bd4 27. Rb5 c5 28. Rb3 Rf6 29. Ng4 Re6 30. Rh3 Rxe4 31. Rh5 f3 32. gxf3 Rf4 33. Rxg5 Rxf3+ 34. Ke2 Ra3 35. Kd2 Rxa2 36. Ne5 Ra3 37. Nd7+ Kc7 38. Nxc5 Be3+ 0-1

[Event "Liptovsky Mikulas V4 U11 op"]
[White "Boserle, Martin"]
[Black "Orgon, Jakub"]
[Site "Liptovsky Mikulas"]
[Round "1"]
[Result "0-1"]
[Date "2017.06.22"]
[WhiteElo "1000"]
[BlackElo "1156"]
[PlyCount "40"]
[EventDate "2017.06.22"]
[EventType "swiss"]
[EventRounds "9"]
[EventCountry "SVK"]
[SourceTitle "CBM 179 Extra"]
[Source "ChessBase"]
[SourceDate "2017.08.23"]
[SourceVersion "1"]
[SourceVersionDate "2017.08.23"]
[SourceQuality "1"]

1. e4 d6 2. Nf3 Nf6 3. Nc3 g6 4. Bb5+ c6 5. Bc4 Bg7 6. 0-0 0-0 7. d3 Qc7 8. Bg5 Nbd7 9. Qd2 Re8 10. d4 Nxe4 11. Nxe4 d5 12. Bd3 dxe4 13. Bxe4 b6 14. Bh6 Bh8 15. Ne5 Nxe5 16. Rae1 Ng4 17. Bf4 e5 18. dxe5 Bxe5 19. Bg5 Bc3 20. Qxc3 Qxh2# 0-1

[Event "Liptovsky Mikulas V4 U11 op"]
[White "Cirska, Nina"]
[Black "Orgon, Jakub"]
[Site "Liptovsky Mikulas"]
[Round "3"]
[Result "0-1"]
[Date "2017.06.22"]
[WhiteElo "1104"]
[BlackElo "1156"]
[PlyCount "56"]
[EventDate "2017.06.22"]
[EventType "swiss"]
[EventRounds "9"]
[EventCountry "SVK"]
[SourceTitle "CBM 179 Extra"]
[Source "ChessBase"]
[SourceDate "2017.08.23"]
[SourceVersion "1"]
[SourceVersionDate "2017.08.23"]
[SourceQuality "1"]

1. e4 d6 2. Nf3 Nf6 3. Nc3 g6 4. Bc4 Bg7 5. d3 0-0 6. 0-0 c6 7. Re1 Qc7 8. d4 Nbd7 9. Bf4 e5 10. Be3 Nxe4 11. Nxe4 d5 12. Bd3 dxe4 13. Bxe4 Re8 14. dxe5 Nxe5 15. Nxe5 Bxe5 16. Bd4 Bxh2+ 17. Kf1 c5 18. Bc3 Qf4 19. f3 Rb8 20. a3 b6 21. Qd5 Ba6+ 22. Bd3 Bxd3+ 23. cxd3 Bg3 24. Re2 Rxe2 25. Kxe2 Re8+ 26. Kf1 Qe3 27. Re1 Qxe1+ 28. Bxe1 Rxe1# 0-1

[Event "Liptovsky Mikulas V4 U11 op"]
[White "Subjakova, Kristina"]
[Black "Orgon, Jakub"]
[Site "Liptovsky Mikulas"]
[Round "8"]
[Result "1-0"]
[Date "2016.06.26"]
[WhiteElo "1264"]
[BlackElo "1124"]
[PlyCount "97"]
[EventDate "2016.06.23"]
[EventType "swiss"]
[EventRounds "9"]
[EventCountry "SVK"]
[SourceTitle "CBM 173 Extra"]
[Source "ChessBase"]
[SourceDate "2016.08.29"]
[SourceVersion "1"]
[SourceVersionDate "2016.08.29"]
[SourceQuality "1"]

1. e4 d6 2. d4 Nf6 3. Nc3 g6 4. e5 dxe5 5. dxe5 Qxd1+ 6. Nxd1 Ng4 7. f4 Bg7 8. Nf3 0-0 9. Bc4 Bf5 10. h3 Nh6 11. g4 Bxc2 12. Nc3 Nc6 13. Kd2 Na5 14. b3 Nxc4+ 15. bxc4 Bf5 16. gxf5 Nxf5 17. Ke2 Ng3+ 18. Kf2 Nxh1+ 19. Kg2 Rad8 20. Nd5 e6 21. Ne7+ Kh8 22. Ba3 Rfe8 23. Ng5 Rxe7 24. Bxe7 Re8 25. Rd1 h6 26. Rd8 Rxd8 27. Nxf7+ Kh7 28. Nxd8 h5 29. Nxe6 Bh6 30. Kxh1 Kg8 31. Bg5 Bxg5 32. Nxg5 c6 33. Kg2 Kf8 34. Kf3 Ke7 35. Ke4 b5 36. Kd4 b4 37. Kc5 a5 38. Kxc6 a4 39. Ne4 b3 40. axb3 axb3 41. Nd2 b2 42. Kb7 Ke6 43. c5 Kd5 44. c6 Kd4 45. c7 Kd3 46. Nb1 Kc2 47. c8Q+ Kxb1 48. Qc5 Ka1 49. Qc2 1-0